| Tag |
First Indicator |
Second Indicator |
Subfields |
| LEADER |
00000cam a2200000 a 4500 |
| 001 |
in00001325321 |
| 005 |
20151005083603.0 |
| 008 |
960522s1995 caud b 000 0 eng d |
| 035 |
|
|
|a (OCoLC)34771401
|
| 035 |
|
|
|9 AHD7266AM
|
| 040 |
|
|
|a CBT
|c CBT
|d UtOrBLW
|
| 049 |
|
|
|a TXAM
|
| 090 |
|
|
|a HD2336.3
|b .M65 1995
|
| 100 |
1 |
|
|a Mokhtarian, Patricia L.
|
| 245 |
1 |
0 |
|a Modeling the preference for telecommuting :
|b measuring attitudes and other variables /
|c Patricia L. Mokhtarian, Ilan Salomon.
|
| 264 |
|
1 |
|a Berkeley, Calif. :
|b University of California Transportation Center :
|b [1995]
|c [date of publication not identified]
|
| 300 |
|
|
|a 44 pages :
|b charts ;
|c 28 cm.
|
| 336 |
|
|
|a text
|b txt
|2 rdacontent
|
| 337 |
|
|
|a unmediated
|b n
|2 rdamedia
|
| 338 |
|
|
|a volume
|b nc
|2 rdacarrier
|
| 490 |
1 |
|
|a Working paper / University of California Transportation Center ;
|v no. 293
|
| 500 |
|
|
|a "July 1995."
|
| 504 |
|
|
|a Includes bibliographical references (pages 33-34).
|
| 650 |
|
0 |
|a Telecommuting
|x Mathematical models.
|
| 650 |
|
0 |
|a Commuting
|x Mathematical models.
|
| 650 |
|
0 |
|a Commuters
|x Attitudes
|x Mathematical models.
|
| 700 |
1 |
|
|a Salomon, Ilan.
|
| 710 |
2 |
|
|a University of California (System).
|b Transportation Center.
|
| 830 |
|
0 |
|a Working paper (University of California (System). Transportation Center) ;
|v no. 293.
|
| 999 |
|
|
|a MARS
|
| 999 |
f |
f |
|s 5238f46a-8ce7-3774-b363-237b3e3a8a10
|i ebddbe74-fdf8-3cb6-83c7-a6fb9daf6b46
|t 0
|
| 952 |
f |
f |
|p ric
|a Texas A&M University
|b Rellis Campus
|c Joint Library Facility
|d Remote Storage
|t 0
|e HD2336.3 .M65 1995
|h Library of Congress classification
|i unmediated -- volume
|m A14821157885
|
| 998 |
f |
f |
|a HD2336.3 .M65 1995
|t 0
|l Remote Storage
|